00630nam a2200181Ia 4500952013900000999001700139003000400156005001700160008004100177020001800218040000900236082001800245100002000263245008400283260003000367300000900397942004200406 00102ddc40708RELIGIONaMESbMEScRELIGIONd2019-02-20g400.00l0o294.38 MIT/Gp38264r2019-02-20 00:00:00w2019-02-20yBKzGL48R1 c21722d21722OSt20200610140653.0190216s9999||||xx |||||||||||||| ||und|| a9788188629497 coclc a294.38bMIT/G aMittal, P92740 0aGlimpses Of Buddhist Literature, Philosophy And Thought /cP Mittal ; Geeta Dua bOriginals,c2008.aDelhi: a297p cBK2ddch294.38iMIT/Gk294.38mMIT/G